01317nam a22003137a 4500003000900000005001700009007000300026008004100029020001800070040003000088082003100118110004300149245019600192264008000388300005700468336002700525337003300552338002800585610004300613650003000656650004800686650005300734700003500787700003800822700003300860700003400893700003800927700003800965DO-SdBNP20250902112519.0ta110504s2021 dr ao 000 0 spa d a9789945929614 aDO-SdBNPbspacBNPHUerda 4a306.097293bC397a 20202222 aCentro Cultural Eduardo León Jimenes10aAnuario 2020 :bLa cultura sigue siendo esperanza /cDaniela Cruz Gil ; traducción Julia Scribe-Loyer, Ismérie Pajot ; fotografías Daniel Collado, Alexandra Guzmán, Annette González 1aSantiago de los Caballeros, República Dominicana :bCentro León,c2021. a151 páginasbilustraciones, fotografías,c32 cm. 2rdacontentatextobtxt 2rdamediaasin mediaciónbn 2rdacarrieravolumenbnc20aCentro Cultural Eduardo León Jimenes 7aArtevExposiciones 2LEMB 7aCulturazRepública Dominicanay20202LEMB 4aCentros culturaleszRepública Dominicana2LEMB1 aCruz Gil, Danielaeredacción1 aScrive-Loyer, Juliaetraducción1 aPajot, Ismerieetraducción1 aCollado, Danielefotografía1 aGuzmán, Alexandraefotografía1 aGonzález, Annetteefotografía